Countries Closest to Where Amelia Earhart Sunk - Statistics

General Stats
  • This quiz has been taken 9 times
  • The average score is 16 of 20
Answer Stats
Estimated Distance Country Geographic Center % Correct
3,163 mi (5,090 km) Australia 27°S, 137°E
100%
1,380 mi (2,220 km) F. S. Micronesia 6.55°N, 158.15°E
100%
2,989 mi (4,809 km) New Zealand 41°S, 175°E
100%
1,396 mi (2,246 km) Fiji 18°S, 175°E
89%
342 mi (551 km) Kiribati 1.25°N, 173°E
89%
902 mi (1,452 km) Marshall Islands 9°N, 168°E
89%
794 mi (1,279 km) Nauru 0.32°N, 166.5°E
89%
3,033 mi (4,880 km) Palau 7.3°N, 134.3°E
89%
2,162 mi (3,479 km) Papua New Guinea 6°S, 147°E
89%
1,139 mi (1,833 km) Samoa 13.35°S, 172.2°W
89%
1,598 mi (2,572 km) Solomon Islands 8°S, 155°E
89%
701 mi (1,128 km) Tuvalu 8°S, 178°E
89%
1,255 mi (2,019 km) Vanuatu 16°S, 167°E
89%
1,629 mi (2,622 km) Tonga 20°S, 175°W
78%
2,768 mi (4,454 km) Japan 36°N, 138°E
67%
3,631 mi (5,884 km) Timor-Leste 8.5°S, 125.55°E
67%
3,883 mi (6,249 km) Philippines 13°N, 122°E
56%
3,954 mi (6,364 km) Taiwan 23.3°N, 121°E
56%
3,522 mi (5,668 km) South Korea 37°N, 127.3°E
33%
3,546 mi (5,706 km) North Korea 40°N, 127°E
22%
No matching quizzes found
Score Distribution
Percent of People with Each Score
Percentile by Number Answered
Your Score History
You have not taken this quiz